| 000 | 00962nam a2200229 a 4500 | ||
|---|---|---|---|
| 003 | BD-DhJNU | ||
| 005 | 20251112064838.0 | ||
| 008 | 251108s2024 bg |||g |||| 000 1|ben|d | ||
| 020 | _a9789848798331 | ||
| 040 |
_aBD-DhJNU _bben _cBD-DhJNU _dBD-DhJNU |
||
| 041 | _aben | ||
| 082 |
_a954.92 MUH _223 |
||
| 100 | _aমুরশিদ, গোলাম | ||
| 245 | 1 | 0 |
_aহাজার বছরের বাঙালি সংস্কৃতি / _cগোলাম মুরশিদ |
| 246 | _aHazar bochorer bangali songskriti | ||
| 250 | _a2nd ed. | ||
| 260 |
_aঢাকা : _bঅবসর প্রকাশনা সংস্থা, _c2024. |
||
| 300 |
_a৫৪৮ পৃ. : _bচিত্র ; _c২১ সেমি.। |
||
| 504 | _aগ্রন্থপঞ্জিগত নির্দেশিকা ও নিঘন্ট অন্তভূক্ত | ||
| 650 | _aCultural history (সাংস্কৃতিক ইতিহাস) | ||
| 942 | _cBK | ||
| 999 |
_c2360 _d2360 |
||